NFL Players With 8 1000 Yard Seasons - Statistics

General Stats
  • This quiz has been taken 77 times
  • The average score is 10 of 17
Answer Stats
Seasons Player % Correct
14 Jerry Rice
98%
10 Randy Moss
94%
11 Mike Evans
82%
9 Terrell Owens
75%
9 Tim Brown
71%
9 Larry Fitzgerald
63%
9 Jimmy Smith
58%
8 Rod Smith
58%
8 Steve Smith Sr.
58%
8 Cris Carter
55%
8 Marvin Harrison
55%
8 Steve Largent
55%
8 Torry Holt
48%
8 Reggie Wayne
45%
8 Isaac Bruce
42%
8 Brandon Marshall
25%
8 Derrick Mason
14%
No matching quizzes found
Score Distribution
Percent of People with Each Score
Percentile by Number Answered
Your Score History
You have not taken this quiz